|
|
|
|
| LEADER |
00000nam0a2200000 4500 |
| 001 |
290498 |
| 005 |
20231102000307.0 |
| 010 |
|
|
|a 9785911349776
|
| 010 |
|
|
|a 978-5-16-010381-5
|
| 035 |
|
|
|a (RuTPU)RU\TPU\book\315048
|
| 090 |
|
|
|a 290498
|
| 100 |
|
|
|a 20150407d2015 m y0rusy50 ca
|
| 101 |
0 |
|
|a rus
|
| 102 |
|
|
|a RU
|
| 105 |
|
|
|a a j 001zy
|
| 200 |
1 |
|
|a Пособие к курсовому и дипломному проектированию электроснабжения промышленных, сельскохозяйственных и городских объектов
|e учебное пособие
|f Ю. Д. Сибикин
|
| 210 |
|
|
|a Москва
|c Инфра-М
|c Форум
|d 2015
|
| 215 |
|
|
|a 383 с.
|c ил.
|
| 225 |
1 |
|
|a Высшее образование. Бакалавриат
|
| 320 |
|
|
|a Библиогр.: с. 381-382.
|
| 330 |
|
|
|a В учебном пособии содержатся основные положения, необходимые для выполнения курсового и дипломного проектов по электроснабжению промышленных, сельскохозяйственных и городских объектов. Рассмотрены методы расчета силовых и осветительных нагрузок, выбора и определения центра нагрузок, построения схем внутриплощадочных и внеплощадочных сетей электроснабжения объекта, числа и мощности питающих трансформаторных подстанций и ГПП, сечения воздушных и кабельных электросетей, расчета токов короткого замыкания, релейной защиты, зануления и заземления электроприемников. Приведены примеры решения задач.Пособие предназначено для студентов высших учебных заведений, обучающихся по специальности 140211.65 «Электроснабжение» и направлению подготовки дипломированных специалистов 13.02.03 «Электроэнергетика и электротехника», а также для специалистов, работающих в области электроснабжения промышленных, сельскохозяйственных и городских объектов и занятых проектированием электроустановок.
|
| 606 |
1 |
|
|a Электроснабжение
|2 stltpush
|3 (RuTPU)RU\TPU\subj\20841
|9 45911
|
| 610 |
1 |
|
|a курсовые проекты
|
| 610 |
1 |
|
|a дипломные проекты
|
| 610 |
1 |
|
|a требования
|
| 610 |
1 |
|
|a электрические нагрузки
|
| 610 |
1 |
|
|a расчеты
|
| 610 |
1 |
|
|a использование
|
| 610 |
1 |
|
|a напряжение
|
| 610 |
1 |
|
|a выбор
|
| 610 |
1 |
|
|a электрические сети
|
| 610 |
1 |
|
|a схемы
|
| 610 |
1 |
|
|a провода
|
| 610 |
1 |
|
|a кабели
|
| 610 |
1 |
|
|a сечения
|
| 610 |
1 |
|
|a надежность
|
| 610 |
1 |
|
|a электрическая энергия
|
| 610 |
1 |
|
|a качество
|
| 610 |
1 |
|
|a подстанции
|
| 610 |
1 |
|
|a распределительные устройства
|
| 610 |
1 |
|
|a реактивная мощность
|
| 610 |
1 |
|
|a потребление
|
| 610 |
1 |
|
|a компенсация
|
| 610 |
1 |
|
|a токи короткого замыкания
|
| 610 |
1 |
|
|a токоведущие части
|
| 610 |
1 |
|
|a изоляторы
|
| 610 |
1 |
|
|a аппараты
|
| 610 |
1 |
|
|a релейная защита
|
| 610 |
1 |
|
|a автоматика
|
| 610 |
1 |
|
|a заземляющие устройства
|
| 610 |
1 |
|
|a защитные устройства
|
| 610 |
1 |
|
|a учебные пособия
|
| 675 |
|
|
|a 621.31.031(075.8)
|v 4
|
| 700 |
|
1 |
|a Сибикин
|b Ю. Д.
|g Юрий Дмитриевич
|
| 801 |
|
1 |
|a RU
|b 63413507
|c 20150407
|
| 801 |
|
2 |
|a RU
|b 63413507
|c 20150608
|g RCR
|
| 900 |
|
|
|a Электроснабжение промышленных предприятий
|
| 900 |
|
|
|a Электроснабжение
|
| 942 |
|
|
|c BK
|
| 959 |
|
|
|a 34/20150406
|d 3
|e 589,90
|f ЧЗТЛ:1
|f УФ:2
|